Sports Quiz

Random Sports or NBA Quiz

NBA All-Stars (2000s) Quiz Stats

 Plays Quiz Updated Nov 30, 2017

Also try: MLB All-Star Hosts
Challenge
Share
Tweet
Embed
Score 0/82 Timer 11:00
2 Plays Today
Team(s) Player % Correct
LALKobe Bryant
98.8%
CLELeBron James
97.1%
MIN,BOSKevin Garnett
97.1%
SATim Duncan
96.5%
PHI,DEN,DETAllen Iverson
96.2%
LAL,MIA,PHXShaquille O'Neal
95.7%
MIADwyane Wade
94.7%
INDJermaine O'Neal
94.6%
MIL,SEA,BOSRay Allen
94.3%
BOSPaul Pierce
94.3%
DAL,PHXSteve Nash
93.8%
TOR,NJVince Carter
92%
DALDirk Nowitzki
91.3%
HOUYao Ming
90%
ORL,HOUTracy McGrady
89.5%
PHX,NJJason Kidd
87.7%
DETBen Wallace
86.6%
POR,DETRasheed Wallace
86.5%
DET,DENChauncey Billups
84.7%
ORLDwight Howard
81.6%
TORChris Bosh
81%
DALJosh Howard
80.8%
SATony Parker
78.8%
NOHChris Paul
78.4%
PHXAmare Stoudemire
77.7%
ATLJoe Johnson
77.6%
CLEMo Williams
76.4%
DENCarmelo Anthony
73.8%
Team(s) Player % Correct
WASGilbert Arenas
72.1%
DETRichard Hamilton
71.4%
INDReggie Miller
71.1%
IND,SACBrad Miller
70.6%
MEM,LALPau Gasol
70.6%
SACChris Webber
69.4%
UTAKarl Malone
66.5%
PHXShawn Marion
65.6%
SEAGary Payton
64.7%
SAManu Ginobili
60.7%
SADavid Robinson
60.3%
MILGlenn Robinson
60%
UTACarlos Boozer
58.7%
NOHDavid West
58.3%
WASMichael Jordan
57.7%
SEA,ORLRashard Lewis
57%
UTAJohn Stockton
54.9%
WASAntawn Jamison
54.5%
DET,ORLGrant Hill
54.3%
CHH-NOHBaron Davis
52.9%
TORAntonio Davis
52.5%
INDDale Davis
52.5%
PORBrandon Roy
52%
LACElton Brand
51.9%
MIAAlonzo Mourning
50.1%
NJ,PHXStephon Marbury
49.4%
MILMichael Redd
49.4%
SACPeja Stojakovic
48.2%
Team(s) Player % Correct
HOUSteve Francis
46.1%
NJKenyon Martin
45.9%
BOSAntoine Walker
45.1%
WASCaron Butler
42.5%
UTAAndrei Kirilenko
41.9%
INDDanny Granger
41.4%
INDRon Artest
40.9%
ATL,PHIDikembe Mutombo
38.5%
CLEZydrunas Ilgauskas
38.4%
NYAllan Houston
37.4%
NYLatrell Sprewell
36%
ORLJameer Nelson
35.4%
SACVlade Divac
32.9%
DALMichael Finley
32.6%
UTAMehmet Okur
32.3%
DETJerry Stackhouse
32.2%
CHHEddie Jones
31.6%
MINSam Cassell
31.3%
NJDevin Harris
29.3%
NOHJamal Mashburn
21.6%
DENAntonio McDyess
17.6%
ATLShareef Abdur-Rahim
17.1%
MINWally Szczerbiak
16.7%
NOHJamaal Magloire
15.3%
PHITheo Ratliff
11.5%
MIAAnthony Mason
11%

You're not logged in!

Compare scores with friends on all Sporcle quizzes.
OR
Log In

You Might Also Like...

Show Comments

Extras

Top Quizzes Today


Score Distribution

Your Account Isn't Verified!

In order to create a playlist on Sporcle, you need to verify the email address you used during registration. Go to your Sporcle Settings to finish the process.

Report this User

Report this user for behavior that violates our Community Guidelines.

Details: